| 000 | 00375pam a2200157a 44500 | ||
|---|---|---|---|
| 008 | 230515b1988 xxu||||| |||| 00| 0 eng d | ||
| 020 | _aNULL | ||
| 041 | _aENGL | ||
| 082 | _a621.381 /PAR | ||
| 100 | _aPARKER S. | ||
| 245 | _aMCGRAW HILL ENCYCLOPEDIA OF ELECTRONICS & COMPUTERS | ||
| 250 | _aN.D. | ||
| 260 |
_aNULL _bMc. G _c1988 |
||
| 300 | _a1047 HB | ||
| 650 | _aNULL | ||
| 999 |
_c621053 _d621053 |
||